000 02461nam2a2200361 4500
001 RU\NLR\BIBL_A\011949728
005 20250626155031.0
010 _a978-5-7429-1189-0
_9500
021 _aRU
_b2019-4247
_9КН-П-314
035 _a(RuMoRGB)009874902
035 _a(NLR Aleph) 011949728
090 _a11140902
_c11140902
100 _a20190301d2019 |||y0rusy50 ca
101 1 _arus
_alat
_clat
_cchu
102 _aRU
105 _ay w 001zy
200 1 _a[Изъяснение Евангелия от Луки
_dExpositio Euangelii secundum Lucam
_hкниги 1-5
_gперевод с латинского языка канд. филол. наук С. А. Степанцова]
_zlat
210 _d2019
_aБ. м.
215 _a414 с.
300 _aТекст рус., лат.
320 _aБиблиогр.: с. 34-35 и в подстроч. примеч.
320 _aУказ. имён: с. 412-414
461 0 _1001RU\NLR\bibl\2022183
_12001#$aСобрание творений$d[Opera]$eна латинском и русском языках$fсвт. Амвросий Медиоланский$g[Кулькова Н.А., сост.$gредкол.: прот. Александр Салтыков (пред.) и др., д-р богосл. наук дон Франческо Браски$gпер. с лат. Д.Е. Афиногенова и др.$gпер. со старославян. Ф.Б. Альбрехта]$gПравослав. Свято-Тихон. гуманитар. ун-т$zlat$vТ. 8, ч. 1
_1700#0$aАмвросий$cепископ Миланский$fок.340-397$3RU\NLR\AUTH\7710074$4070
_94453898
_aАмвросий (епископ Миланский ; ок.340-397)
_cМосква
_d2012
_fсвятитель Амвросий Медиоланский
_l[Opera]
_nИзд-во ПСТГУ
_oна латинском и русском языках
_tСобрание творений
_vТ. 8, ч. 1
510 1 _aExpositio Euangelii secundum Lucam
_zlat
605 _aБиблия
_iНовый Завет
_iЕвангелие от Луки
_xТолкование
_92336753
_3RU\NLR\AUTH\661397020
686 2 _aЭ37-220.911.33
702 1 _aСтепанцов
_bС. А.
_gСергей Александрович
_4730
852 _aNLR
_j2012-5/9227
942 _cBOOK
980 _aNB